| 000 | 01981nam0a2200325 4500 | ||
|---|---|---|---|
| 001 | RU\NLR\bibl\838501 | ||
| 005 | 20260407121059.0 | ||
| 010 |
_a5-86517-225-5 _91000 |
||
| 021 |
_aRU _b2005-46280 _92271 |
||
| 035 | _a(NLR Aleph) 000827330 | ||
| 090 |
_a1338800 _c1338800 |
||
| 100 | _a20050909d2004 |||y0rusy50 ca | ||
| 101 | 0 | _arus | |
| 102 | _aRU | ||
| 105 | _ay ||||||||| | ||
| 200 | 1 |
_aПатриотическое воспитание в сельских дошкольных образовательных учреждениях и семье _eметодическое пособие для воспитателей и методистов детских дошкольных образовательных учреждений _fФедер. агентство по образованию, Рос. центр гражд. патриот. воспитания детей и молодежи, ГОУ ВПО "Арзамас. гос. пед. ин-т им. А.П. Гайдара" _g[сост. Белянкова Наталья Михайловна] |
|
| 210 |
_aАрзамас _cАГПИ _d2004 |
||
| 215 |
_a203 с. _d20 |
||
| 320 | _aБиблиогр.: с. 187 (2 назв.) и в подстроч. примеч. | ||
| 606 | 1 |
_aДошкольники _jМетодические пособия _xВоспитание патриотизма _91024668 _3RU\NLR\auth\66392028 |
|
| 606 | 1 |
_aПатриотизм _jМетодические пособия _xВоспитание в семье _91661431 _3RU\NLR\auth\661034827 |
|
| 686 | _aЧ411.352.13 | ||
| 686 | _aЧ491.352.13 | ||
| 702 | 1 |
_aБелянкова _bН. М. _gНаталья Михайловна _4220 |
|
| 712 | 0 | 2 |
_4570 _aРоссийский центр гражданского и патриотического воспитания детей и молодежи _3RU\NLR\AUTH\8810069638 _9640859 |
| 801 | 0 |
_aRU _bNLR _c20050909 _grcr |
|
| 801 | 1 |
_aRU _bNLR _c20050909 |
|
| 942 | _cBOOK | ||
| 980 | _aNB | ||